Statistics for Foreign NBA Player to Country

Click here to take the quiz!

General Stats

  • This quiz has been taken 44 times
  • The average score is 20 of 30

Answer Stats

PlayerCountry% Correct
Giannis AntetokounmpoGreece
91%
Danilo GallinariItaly
89%
Ben SimmonsAustralia
86%
Dennis SchröderGermany
86%
Rudy GobertFrance
83%
Ricky RubioSpain
83%
Rui HachimuraJapan
80%
Nikola JokicSerbia
80%
Luka DoncicSlovenia
80%
Dario SaricCroatia
77%
Lauri MarkkanenFinland
77%
Domantas SabonisLithuania
74%
Enes KanterTurkey
74%
Joel EmbiidCameroon
69%
Jamal MurrayCanada
69%
Steven AdamsNew Zealand
69%
Deandre AytonBahamas
66%
Cristiano FelicioBrazil
63%
Kristaps PorzingisLatvia
63%
Jakob PoetlAustria
60%
Tomas SatoranskyCzech Republic
60%
Nikola VucevicMontenegro
60%
Bismack BiyomboDR Congo
54%
Deni AvdijaIsrael
54%
Karl-Anthony TownsDominican Republic
49%
Gorgui DiengSenegal
46%
Clint CapelaSwitzerland
46%
Alex LenUkraine
46%
Al-Farouq AminuNigeria
37%
Jordan ClarksonPhilippines
31%

Score Distribution

Percentile by Number Answered

Percent of People with Each Score

Your Score History

You have not taken this quiz